000 00563nam a2200181 i 4500
001 31346
003 ES-MaACL
005 20230906154350.0
007 t|
008 030129s1968 sp ||||1| spa d
100 1 _aBaudelaire, Charles.
_926513
245 1 4 _aLos paraísos artificiales /
_cCharles Baudelaire ; traducción de Pedro González-Blanco.
260 _aValencia :
_bPrometeo,
_c[1968]
300 _a201 p. ;
_c19 cm.
700 1 _aGonzález-Blanco, Pedro,
_d1879-1961
_958466
852 _aES-MaACL
_jC-49103
_bR.82033
999 _c31346
_d31346